JULBEMD Common Bonds II Quiz Stats

 Plays Quiz Updated Jul 10, 2012

Challenge
Share
Tweet
Embed
Score 0/40 Timer 10:00
0 Plays Today
bet raise % Correct
RELIGIONHam
91.6%
LITERATUREMuch Ado About Nothing
88.4%
SCIENCEBoron
87.2%
ENTERTAINMENTAdam West
86.9%
SCIENCERadon
84.5%
MUSICEven Flow
83.5%
RELIGIONShem
83.5%
LITERATUREWilliam Shakespeare
82.6%
MUSICLast Kiss
81.9%
ENTERTAINMENTBatman
80.4%
LANGUAGESill
80.3%
SCIENCEArgon
80.2%
SPORTSBrett Hull
79%
LANGUAGECane
78.2%
MUSICJeremy
77.6%
ENTERTAINMENTChristian Bale
77.5%
SPORTSOzzie Smith
74.9%
LITERATUREOthello
74.8%
SPORTSKurt Warner
71.6%
LITERATUREMacbeth
70.1%
bet raise % Correct
ENTERTAINMENTMichael Keaton
68.9%
GEOGRAPHYGermany
66.1%
GEOGRAPHYMoldova
62.1%
GEOGRAPHYSerbia
57.8%
LANGUAGEMouse
56%
HISTORYCalifornia Gold Rush Begins
53.1%
SPORTSSt. Louis
47.1%
GAMINGSaturn
44.5%
MUSICPearl Jam
43.7%
SCIENCEXenon
41.3%
RELIGIONNoah
40.3%
GEOGRAPHYDanube
37.1%
RELIGIONJapheth
33.5%
GAMINGSega
32.5%
HISTORY1848
31.9%
GAMINGGenesis
31%
HISTORYTaylor elected president
29.1%
GAMINGDreamcast
16%
HISTORYCommunist Manifesto Published
13.1%
LANGUAGEMiscellaneous
11.9%

You're not logged in!

Compare scores with friends on all Sporcle quizzes.
Join for Free
OR
Log In

You Might Also Like...

Show Comments

Extras

Top Quizzes Today


Score Distribution

Your Account Isn't Verified!

In order to create a playlist on Sporcle, you need to verify the email address you used during registration. Go to your Sporcle Settings to finish the process.

Report this User

Report this user for behavior that violates our Community Guidelines.

Details: